Iné ticho

Bibliographic Details
Main Author: H. S. (Author)
Format: Article
Language:Slovak
Subjects:

MARC

LEADER 00000nab a2200000uu 4500
001 vtls011513167
003 SK-MaSNL
005 20260303181154.0
008 230704|1977 xo |||||||||||||||||slo|
015 |a SNBRB 
035 |a (urnnbn)urn:nbn:sk:snk:ar-001e2v 
035 |a (uuid)8e6fdd6c-2c06-4946-90cb-0a1114151bf2 
035 |a urn:nbn:sk:snk-abe3c5 
040 |a SNKBUCL  |b slo  |c SNKBUCL  |e AACR2 
041 0 |a slo 
044 |a xo  |c SK 
100 0 |a H. S.  |4 aut  |9 1121600 
245 1 0 |a Iné ticho  |c H. S. 
650 0 7 |a slovenské poviedky  |2 SNKPH  |9 111049 
650 0 7 |a publikácie pre deti a mládež  |2 SNKPH  |9 106365 
655 7 |a recenzie  |2 SNKPH  |9 21907 
773 0 |t Slovenské pohľady  |g Roč. 93, č. 3 (1977), s. 152 
787 0 8 |i Rec.:  |a Tanská, Nataša  |t Mama, urob iné ticho!  |d Bratislava : Mladé letá, 1976 
850 |a Slovenská národná knižnica 
852 |a Slovenská národná knižnica 
954 |a odborná, vedecká literatúra pôvodná (slovenská)  |2 lita 
958 |a OND 
958 |a EUIPO 
958 |a RC 
958 |a article21 
999 |c 2109652  |d 2111582